County map of Utah and Nevada
Saved in:
| Main Author: | |
|---|---|
| Corporate Authors: | , |
| Other Authors: | |
| Format: | Electronic |
| Language: | English |
| Published: |
[1880].
|
| Series: | David Rumsey Collection digital maps
|
| Subjects: | |
| Tags: |
Add Tag
No Tags, Be the first to tag this record!
|
| LEADER | 01679nea a2200361Ka 4500 | ||
|---|---|---|---|
| 001 | 012024940-5 | ||
| 005 | 20090630193809.0 | ||
| 008 | 060606t18801879paudg a s 0 eng d | ||
| 034 | 1 | |a a |b 2950000 |d W1200000 |e W1090000 |f N0425000 |g N0361500 | |
| 035 | 0 | |a ocm69949337 | |
| 040 | |a CUY |c CUY | ||
| 043 | |a n-us-ut |a n-us-nv | ||
| 052 | |a 4340 | ||
| 052 | |a 4350 | ||
| 100 | 1 | |a Gamble, W. H. |q (William H.) | |
| 245 | 1 | 0 | |a County map of Utah and Nevada |h [electronic resource] / |c drawn and engraved by W.H. Gamble, Philadelphia. |
| 255 | |a Scale [ca. 1:2,950,000] |c (W 120⁰00ʹ--W 109⁰00ʹ/N 42⁰50ʹ--N 36⁰15ʹ). | ||
| 260 | |c [1880]. | ||
| 500 | |a Relief shown by hachures and spot heights. | ||
| 500 | |a Shows Indian tribes, roads, Union Pacific-Central Pacific transcontinental railroad, settlements and other features. | ||
| 500 | |a Prime meridians: Greenwich and Washington. | ||
| 500 | |a "Entered according to Act of Congress in the year 1879 by S. Augustus Mitchell in the office of the Librarian of Congress at Washington." | ||
| 500 | |a Scanned raster image of original: 1 map : hand col. ; 25 x 33 cm. | ||
| 500 | |a Original in the David Rumsey Collection; scanned by Cartography Associates. | ||
| 651 | 0 | |a Utah |v Maps. | |
| 651 | 0 | |a Nevada |v Maps. | |
| 700 | 1 | |a Mitchell, S. Augustus |q (Samuel Augustus), |d 1792-1868. | |
| 710 | 2 | |a David Rumsey Collection. | |
| 710 | 2 | |a Cartography Associates. | |
| 773 | 0 | |a Mitchell, S. Augustus (Samuel Augustus), 1792-1868. |t Mitchell's new general atlas. |d Philadelphia : S. Augustus Mitchell, 1880, c1879. |g p. 91. |w (OCoLC)69371482 | |
| 830 | 0 | |a David Rumsey Collection digital maps |5 net | |
| 988 | |a 20090630 | ||
| 906 | |0 OCLC | ||


